黑龙江省县级行政区划 - Statistics

General Stats
  • This quiz has been taken 147 times
  • The average score is 54 of 125
Answer Stats
城市 区县 % Correct
哈尔滨市 道里区
90%
哈尔滨市 道外区
86%
哈尔滨市 阿城区
81%
哈尔滨市 南岗区
79%
哈尔滨市 呼兰区
79%
哈尔滨市 香坊区
76%
哈尔滨市 双城区
76%
大兴安岭地区 漠河市
76%
哈尔滨市 五常市
74%
哈尔滨市 松北区
71%
哈尔滨市 宾县
69%
哈尔滨市 尚志市
69%
牡丹江市 绥芬河市
67%
哈尔滨市 平房区
66%
哈尔滨市 依兰县
66%
大兴安岭地区 加格达奇区
66%
黑河市 五大连池市
64%
大庆市 让胡路区
62%
鸡西市 鸡东县
62%
齐齐哈尔市 昂昂溪区
60%
齐齐哈尔市 讷河市
60%
佳木斯市 抚远市
60%
哈尔滨市 木兰县
59%
大庆市 萨尔图区
59%
黑河市 爱辉区
59%
齐齐哈尔市 富拉尔基区
57%
绥化市 肇东市
57%
黑河市 北安市
57%
大兴安岭地区 塔河县
57%
哈尔滨市 方正县
55%
哈尔滨市 巴彦县
55%
黑河市 孙吴县
55%
鸡西市 虎林市
52%
齐齐哈尔市 龙江县
50%
佳木斯市 同江市
50%
鸡西市 密山市
50%
绥化市 安达市
50%
黑河市 嫩江市
50%
齐齐哈尔市 富裕县
48%
大庆市 龙凤区
48%
伊春市 铁力市
48%
鹤岗市 萝北县
48%
佳木斯市 富锦市
47%
大庆市 肇州县
47%
大庆市 杜尔伯特蒙古族自治县
47%
黑河市 逊克县
47%
齐齐哈尔市 碾子山区
45%
佳木斯市 | 鹤岗市 向阳区
45%
鸡西市 鸡冠区
45%
大兴安岭地区 呼玛县
45%
哈尔滨市 通河县
43%
齐齐哈尔市 克山县
43%
牡丹江市 穆棱市
43%
佳木斯市 桦南县
43%
大庆市 肇源县
43%
绥化市 绥棱县
43%
大兴安岭地区 松岭区
43%
哈尔滨市 延寿县
41%
齐齐哈尔市 拜泉县
41%
牡丹江市 东安区
41%
牡丹江市 西安区
41%
牡丹江市 海林市
41%
牡丹江市 东宁市
41%
伊春市 嘉荫县
41%
绥化市 海伦市
41%
齐齐哈尔市 梅里斯达斡尔族区
40%
佳木斯市 前进区
40%
佳木斯市 郊区
40%
大庆市 林甸县
40%
绥化市 望奎县
40%
齐齐哈尔市 铁锋区
38%
齐齐哈尔市 泰来县
38%
牡丹江市 宁安市
38%
佳木斯市 桦川县
38%
伊春市 伊美区
38%
绥化市 北林区
38%
绥化市 明水县
38%
齐齐哈尔市 龙沙区
36%
齐齐哈尔市 克东县
36%
佳木斯市 汤原县
36%
伊春市 汤旺县
36%
七台河市 勃利县
36%
齐齐哈尔市 依安县
34%
牡丹江市 林口县
34%
大庆市 大同区
34%
双鸭山市 饶河县
34%
绥化市 青冈县
34%
大兴安岭地区 呼中区
34%
佳木斯市 东风区
33%
伊春市 友好区
33%
伊春市 大箐山县
33%
伊春市 南岔县
33%
双鸭山市 友谊县
33%
双鸭山市 宝清县
33%
绥化市 兰西县
33%
齐齐哈尔市 甘南县
31%
伊春市 乌翠区
31%
七台河市 茄子河区
31%
齐齐哈尔市 建华区
29%
大庆市 红岗区
29%
鹤岗市 绥滨县
29%
牡丹江市 阳明区
28%
牡丹江市 爱民区
28%
鸡西市 滴道区
28%
鹤岗市 工农区
28%
鸡西市 梨树区
26%
双鸭山市 集贤县
26%
双鸭山市 宝山区
24%
七台河市 桃山区
24%
大兴安岭地区 新林区
24%
伊春市 金林区
22%
伊春市 丰林县
22%
鸡西市 恒山区
22%
鹤岗市 兴安区
22%
鹤岗市 东山区
21%
双鸭山市 尖山区
21%
绥化市 庆安县
21%
鸡西市 城子河区
19%
鹤岗市 兴山区
19%
鸡西市 麻山区
17%
双鸭山市 岭东区
17%
双鸭山市 四方台区
17%
七台河市 新兴区
17%
鹤岗市 南山区
16%
No matching quizzes found
Score Distribution
Percent of People with Each Score
Percentile by Number Answered
Your Score History
You have not taken this quiz